000 00377nam a2200133Ia 4500
003 GCL
008 140319s9999 xx 000 0 ara d
040 _aGCL /
_cGCL
082 0 4 _a813.009
_bح ق
100 1 _aحسن محسب
245 1 0 _aقضية الفلاح فى القصة المصرية /
_cحسن محسب
300 _a94 ص
490 _aالمكتبة الثقافية
_v0
999 _c51177
_d51177